000 00763nam a2200229Ii 4500
003 JO-AjNU
008 230605s9999||||xx |||||||||||||| ||und||
017 _a2013/9/3290
020 _a978-9957-94-09-1
040 _aJO-AjNU
_bara
_erda
_cJO-AjNU
041 _aara
050 1 4 _aPJ8062.N393 2013
100 3 _aالنوايسة، حكمت,
_eauthor
_947864
245 0 0 _aجدل المبنى والمعنى في العمل الروائي: دراسة تطبيقية
250 _aط1
264 3 1 _aعمان: وزارة الثقافة،2013
300 _a256ص
336 _atext
_btxt
_2rdacontent
337 _aunmediated
_bn
_2rdamedia
338 _avolume
_bnc
_2rdacarrier
650 4 _aالأدب العربي - روايات - تحليل ونقد
_947865
999 _aA20924
_c24492
_d24492